Ogledi iz sintaksostilistike /

Saved in:
Bibliographic Details
Main Author: Milanović, Nina.
Format: Book
Published: Zavod za udžbenike i nastavna sredstva : Istočno Novo Sarajevo, 2017.
Edition:1. izd.
Tags: Add Tag
No Tags, Be the first to tag this record!
LEADER 00541nam a2200181 a 4500
001 13071471
005 20180208164012.0
008 060218s2017 bn |||||||||||||| ||srp d
020 |a 9789995513191 
035 |a (BA-SaUP)UP0602188693 
040 |a BA-SaUP  |c BA-SaUP 
100 1 |a Milanović, Nina. 
245 1 0 |a Ogledi iz sintaksostilistike /  |c  Nina Milanović. 
250 |a 1. izd. 
260 |a Zavod za udžbenike i nastavna sredstva :  |b Istočno Novo Sarajevo,  |c 2017. 
300 |a 282 p. ;  |c 21 cm. 
546 |a In Serbian  |b Roman alphabet. 
852 |b sho